000 00694nam a2200289Ia 4500
005 20260121124648.0
008 008 260114s9999 xx 000 0 eng d
020 _a9780231558983
037 _aEBOOK
040 _aCRL
040 _beng
040 _cCRL
041 _2eng
041 _aeng
084 _qCRL
100 _aJacobs, Nicholas F.
_9979814
245 4 _aThe Rural Voter
260 _bWalter de Gruyter
260 _bWalter de Gruyter
260 _c2023
650 _aPolitical Science
_9979815
700 _a Shea, Daniel
_9979816
856 _uhttp://www.degruyter.com/isbn/9780231558983
942 _cEBOOK
999 _c1556265
_d1556265